<?xml version="1.0" encoding="UTF-8"?>
<marc:record xmlns:marc="http://www.loc.gov/MARC21/slim">
   <marc:leader>00000nam a2200000 a 4500</marc:leader>
   <marc:datafield ind1="1" ind2=" " tag="100">
      <marc:subfield code="a">Anour, René</marc:subfield>
      <marc:subfield code="4">aut</marc:subfield>
      <marc:subfield code="e">Verfasser/-in</marc:subfield>
   </marc:datafield>
   <marc:datafield ind1=" " ind2=" " tag="653">
      <marc:subfield code="a">Fiktionale Darstellung</marc:subfield>
   </marc:datafield>
   <marc:datafield ind1=" " ind2=" " tag="653">
      <marc:subfield code="a">Krimis, Thriller, Spionage</marc:subfield>
   </marc:datafield>
   <marc:datafield ind1="0" ind2="0" tag="245">
      <marc:subfield code="a">Die Totenärztin - Wiener Blut</marc:subfield>
   </marc:datafield>
   <marc:datafield ind1="0" ind2="0" tag="245">
      <marc:subfield code="b">Roman</marc:subfield>
   </marc:datafield>
   <marc:datafield ind1="0" ind2="0" tag="245">
      <marc:subfield code="c">Anour, René</marc:subfield>
   </marc:datafield>
   <marc:datafield ind1=" " ind2="1" tag="264">
      <marc:subfield code="a">Hamburg</marc:subfield>
      <marc:subfield code="b">Rowohlt Taschenbuch Verlag</marc:subfield>
   </marc:datafield>
   <marc:datafield ind1=" " ind2=" " tag="250">
      <marc:subfield code="a">Originalausgabe</marc:subfield>
   </marc:datafield>
   <marc:datafield ind1="1" ind2=" " tag="520">
      <marc:subfield code="a">Angaben aus der Verlagsmeldung 

 

  Die Totenärztin: Wiener Blut Anour, Die Totenärztin: Wiener Blut / von René Anour 

 
Eine Verschwörung um Kaiserin Sissis verschwundene Diamantsterne

Wien, 1908. Jungärztin Fanny Goldmann verbringt ihre Zeit am liebsten in der gerichtlichen Medizin, trotz der Geringschätzung ihrer männlichen Kollegen. Als ein toter Obdachloser eingeliefert wird, fallen Fanny Ungereimtheiten auf, und so obduziert sie die Leiche heimlich. Durch ihre Ermittlung gerät sie mitten in einen Coup des charismatischen Diebes Max. Dieser sucht nach einem legendären Schmuckstück des Kaiserhauses und führt Fanny in die ihr unbekannte Welt mondäner Salons und prunkvoller Palais ein – aber auch in die schäbigen Spelunken und Bordelle der Wiener Unterwelt. Hier lauert an jeder Ecke der Tod, dessen Opfer Fanny auf ihrem Sektionstisch ihre intimsten Geheimnisse offenbaren ...

Der Auftakt zu einer neuen Serie um eine junge Wiener Gerichtsmedizinerin zu Beginn des 20. Jahrhunderts</marc:subfield>
   </marc:datafield>
   <marc:datafield ind1=" " ind2=" " tag="020">
      <marc:subfield code="a">9783499005589</marc:subfield>
      <marc:subfield code="9">9783499005589</marc:subfield>
   </marc:datafield>
   <marc:datafield ind1=" " ind2=" " tag="020">
      <marc:subfield code="a">3499005581</marc:subfield>
      <marc:subfield code="9">3499005581</marc:subfield>
   </marc:datafield>
   <marc:datafield ind1=" " ind2=" " tag="041">
      <marc:subfield code="a">ger</marc:subfield>
   </marc:datafield>
   <marc:datafield ind1=" " ind2=" " tag="338">
      <marc:subfield code="a">Band</marc:subfield>
   </marc:datafield>
   <marc:datafield ind1=" " ind2=" " tag="300">
      <marc:subfield code="a">410 Seiten</marc:subfield>
   </marc:datafield>
</marc:record>
